The preacher's complete homiletical commentary on the old testament, v. 13. (Record no. 2169)

000 -LEADER
fixed length control field 00534nam a2200157 a 4500
001 - CONTROL NUMBER
control field :::00019694$&:&@@
003 - CONTROL NUMBER IDENTIFIER
control field OkBaRHE
005 - DATE AND TIME OF LATEST TRANSACTION
control field 20100330204011.0
008 - FIXED-LENGTH DATA ELEMENTS--GENERAL INFORMATION
fixed length control field s1892 j 000 0 eng u
040 ## - CATALOGING SOURCE
Transcribing agency
245 14 - TITLE STATEMENT
Title The preacher's complete homiletical commentary on the old testament, v. 13.
260 ## - PUBLICATION, DISTRIBUTION, ETC. (IMPRINT)
Place of publication, distribution, etc New York, NY., :
Name of publisher, distributor, etc Funk and Wagnells
Date of publication, distribution, etc 1892
650 ## - SUBJECT ADDED ENTRY--TOPICAL TERM
Topical term or geographic name as entry element Bible
General subdivision Commentaries
942 ## - ADDED ENTRY ELEMENTS (KOHA)
Source of classification or shelving scheme
Koha item type Books
Copies
Full call number Permanent Location Damaged status Date acquired Copy number Not for loan Price effective from Barcode Source of classification or shelving scheme Koha item type Withdrawn status Collection code Shelving location Lost status Date last seen
BS 491 .E1 V.13RHEMA Bible Training College 2010-04-141 2010-04-1419694 Books ReferenceGeneral Stacks 2010-04-14